000 00677caa a22001572a 4500
001 020367
003 AR-FADEU
008 311216n########xxu####################dd
092 _a415
_bC574
100 _aKihm, Alain
245 _aNoun class, gender and the lexicon-syntax-morphology interfaces : a comparative study of niger-congo and romance languages
300 _aPP. 459-512
500 _aEn: The Oxford handbook of comparative syntax / ed. Guglielmo Cinque. New York : Oxford University Press, 2005
942 _cBDGR
999 _c26091
_d26091
773 0 _026080
_925106
_aCinque, Guglielmo, ed.
_b
_dNew York
_o05365
_tThe Oxford handbook of comparative syntax
_w( AR-FADEU) 020356
_x
_z0-19-513650-0